LIBRARY ONLINE CATALOGUE

Government by judiciary amenment. : (Record no. 6413)

MARC details
000 -LEADER
fixed length control field 00685cam a22002172 4500
001 - CONTROL NUMBER
control field 0000003452
005 - DATE AND TIME OF LATEST TRANSACTION
control field 20151217151925.0
008 - FIXED-LENGTH DATA ELEMENTS--GENERAL INFORMATION
fixed length control field 070507s xx 000 0 eng d
020 ## - INTERNATIONAL STANDARD BOOK NUMBER
International Standard Book Number 0865971437 :
040 ## - CATALOGING SOURCE
Original cataloging agency KABU
Transcribing agency KABU
050 #0 - LIBRARY OF CONGRESS CALL NUMBER
Classification number KF4558
Item number .14th.B47 1997
100 1# - MAIN ENTRY--PERSONAL NAME
Personal name Berger, Raoul.
-- 0000153393
245 10 - TITLE STATEMENT
Title Government by judiciary amenment. :
Remainder of title the transformation of the fourteenth.
250 ## - EDITION STATEMENT
Edition statement 2nd ed.
260 ## - PUBLICATION, DISTRIBUTION, ETC. (IMPRINT)
Place of publication, distribution, etc. Indianapolis :
Name of publisher, distributor, etc. Liberty Fund,
Date of publication, distribution, etc. 1997.
300 ## - PHYSICAL DESCRIPTION
Extent xxiv, 555 p.
651 #0 - SUBJECT ADDED ENTRY--GEOGRAPHIC NAME
Geographic name United States
General subdivision Constitutional law
-- Amendements
Chronological subdivision 14th.
-- 0000153394
908 ## - PUT COMMAND PARAMETER (RLIN)
Put command parameter 070507
950 ## - LOCAL HOLDINGS (RLIN)
-- 1
Holdings
Withdrawn status Lost status Source of classification or shelving scheme Not for loan Home library Current library Date acquired Total Checkouts Full call number Barcode Date last seen Price effective from Koha item type
    Library of Congress Classification   Kabarak, Main Campus Kabarak, Main Campus 17/12/2015   KF4558 .14th.B47 1997 007562 17/12/2015 17/12/2015 General Collection